| 000 | 00678cam a2200217 a 4500 | ||
|---|---|---|---|
| 001 | 3397244 | ||
| 005 | 20180206040922.0 | ||
| 008 | 890308s1989 ne a b 001 0 eng | ||
| 010 | _a 89002696 | ||
| 020 | _a0792302451 (alk. paper) | ||
| 040 |
_aDLC _cDLC _dDLC |
||
| 041 | _aeng | ||
| 080 | _a658.4012 | ||
| 082 | 0 | 0 |
_a658.4012 SUT _220 |
| 100 | 1 | _a54 | |
| 101 | _aLID | ||
| 245 | 1 | 0 |
_aTowards a strategic management and decision technology : _cby John W. Sutherland. |
| 504 | _aIncludes bibliographical references and index. | ||
| 906 |
_a7 _bcbc _corignew _d1 _eocip _f19 _gy-gencatlg |
||
| 942 |
_2ddc _cBK |
||
| 999 |
_c41877 _d41877 |
||